Random Facts About The Netherlands - Statistics

General Stats
  • This quiz has been taken 37 times
  • The average score is 4 of 10
Answer Stats
Hint Answer % Correct
What is the national color in The Netherlands? Orange
97%
Peoples in The Netherlands are the __ in the world. Tallest
78%
There are more __ than people in The Netherlands. Bikes
61%
Netherlands has the highest population ___ in Europe. Density
53%
People in The Netherlands eat the most of what kind of candy in the world? Licorice
42%
What province in The Netherlands is home to the longest ice race? Friesland
33%
What city in The Netherlands has no streets? Giethoorn
28%
In The Netherlands, trains are ____ powered. Wind
19%
The Dutch national anthem is the ___. Oldest
6%
More than 70 percent of the worlds ___ comes from The Netherlands. Bacon
0%
No matching quizzes found
Score Distribution
Percent of People with Each Score
Percentile by Number Answered
Your Score History
You have not taken this quiz